Alle Länder Jugolawiens - Statistiken

Allgemein
  • Dieses Quiz wurde 29 mal gespielt
  • Das Durchschnittsergebnis liegt bei 6 aus 6
Antwortstatistiken
Antwort % Korrekt
Kroatien
100%
Bosnien und Herzegowina
96%
Nordmazedonien
96%
Serbien
96%
Montenegro
93%
Slowenien
89%
Keine übereinstimmenden Quizze gefunden
Verteilung der Resultate
Anzahl Personen mit jedem Resultat
Perzentil nach korrekt beantworteten Fragen
Ihre Resultats-Entwicklung
Sie haben dieses Quiz noch nicht gespielt